02396cam a22003735a 4500001001000000003000300010005001700013008004100030015001900071016001800090020001900108020001500127040003600142042001600178082001700194100002800211245010400239260006500343300003500408490002500443500002400468504002700492505086800519520025501387650005501642650003301697651001001730653002501740690004401765700003601809942002101845999001701866952013901883016794509Uk20160828110842.0140626s2014 si a frb 001 0 eng|d aGBB4743832bnb7 a0167945092Uk a9781118779699  z111877969X aStDuBDSbengcStDuBDSdEG-ScBUE aukblcatcopy04223a300bMIR1 aMirakhor, Abbas.94091310aIntroductory mathematics and statistics for Islamic finance /cAbbas Mirakhor, Noureddine Krichene. aSingapore :bJohn Wiley & Sons Singapore Pte. Ltd.,cc.2014. axiii, 482 p. :bill. ;c26 cm.0 aWiley Finance Series aIndex : p. 475-482. aBibliography : p. 473. aPart one: mathematics -- Elementary mathematics -- Functions and models -- Differentiation and integration of functions -- Partial derivatives -- Logarithm, exponential, and trigonometric functions -- Linear algebra -- Differential equations -- Difference equations -- Optimization theory -- Linear programming. Part two: statistics -- Introduction to probability theory: axioms and distributions -- Probability distributions and moment generating functions -- Sampling and hypothesis testing theory -- Regression analysis -- Time series analysis -- Nonstationary time series and unit-root testing -- Vector autoregressive analysis -- Co-integration: theory and applications -- Modeling volatility: ARCH-GARCH models -- Asset pricing under uncertainty -- The consumption-based pricing model -- Brownian motion, risk-neutral processes, and the Black-Scholes model. aA unique primer on quantitative methods as applied to Islamic finance Introductory Mathematics and Statistics for Islamic Finance + Website is a comprehensive guide to quantitative methods, specifically as applied within the realm of Islamic finance. 7aFinance, Public 2BUEsh940711zIslamic countries. 7aFinance 940915vStatistics. 2BUEsh bBUSADMcAugust 2016 7 aManagement and Business Studies2blcoll1 aKrichene, Noureddine‏.940914 2ddce22k300 MIR c22247d22219 00102ddc40708AcademicaMAINbMAINc1STd2016-08-28ePurchaseg599.00h9154l0o300 MIRp000033177r2025-07-15 00:00:00v749.75yBB